Länder Europas im Jahre 1860 (Mit Karte!) - Statistiken

Allgemein
  • Dieses Quiz wurde 3.459 mal gespielt
    3.439 seit der letzten Aktualisierung
  • Das Durchschnittsergebnis liegt bei 40 aus 56
Antworten auf der Karte
Die Antworten werden auf der Karte rot bzw. grün angezeigt, abhängig davon wie oft sie richtig erraten wurden.
 
Antwortstatistiken
Land % Korrekt
Königreich Schweden
98%
Reich Spanisches Kolonialreich
98%
Königreich Zweites Kaiserreich
98%
Königreich Dänemark
97%
Königreich Norwegen
97%
Königreich Portugal
97%
Reich Russisches Kaiserreich
97%
Sonstiges Vereinigtes Königreich
97%
Königreich Belgien
95%
Reich Kaisertum Österreich
95%
Königreich Niederlande
95%
Sonstiges Schweiz
95%
Königreich Preußen
94%
Königreich Bayern
93%
Königreich Griechenland
93%
Reich Osmanisches Reich
92%
Großherzogtum Luxemburg
90%
Fürstentum Andorra
89%
Fürstentum Liechtenstein
88%
Fürstentum Monaco
88%
Königreich Königreich beider Sizilien
86%
Königreich Sachsen
85%
Großherzogtum Baden
84%
Freie Stadt Bremen
82%
Herzogtum Sachsen-Altenburg
82%
Herzogtum Sachsen-Coburg-Gotha
82%
Herzogtum Sachsen-Lauenburg
82%
Herzogtum Sachsen-Meiningen
82%
Herzogtum Sachsen-Weimar-Eisenach
82%
Sonstiges San Marino
82%
Freie Stadt Hamburg
79%
Königreich Württemberg
76%
Großherzogtum Hessen
69%
Sonstiges Kurfürstentum Hessen
69%
Großherzogtum Mecklenburg-Schwerin
69%
Freie Stadt Frankfurt am Main
68%
Herzogtum Holstein
68%
Königreich Sardinien
68%
Königreich Hannover
66%
Sonstiges Hessen-Homburg
66%
Fürstentum Montenegro
66%
Herzogtum Mecklenburg-Strelitz
64%
Sonstiges Kirchenstaat
51%
Freie Stadt Lübeck
48%
Sonstiges Vereinigte Provinzen von Mittelitalien
47%
Großherzogtum Oldenburg
43%
Herzogtum Anhalt
41%
Herzogtum Braunschweig
33%
Fürstentum Lippe
28%
Herzogtum Nassau
26%
Fürstentum Reuß-Gera
24%
Fürstentum Reuß-Greiz
20%
Fürstentum Schaumburg-Lippe
17%
Fürstentum Schwarzburg-Rudolstadt
13%
Fürstentum Schwarzburg-Sondershausen
12%
Fürstentum Waldeck-Pyrmont
12%
Keine übereinstimmenden Quizze gefunden
Verteilung der Resultate
Anzahl Personen mit jedem Resultat
Perzentil nach korrekt beantworteten Fragen
Ihre Resultats-Entwicklung
Sie haben dieses Quiz seit der letzten Aktualisierung nicht gespielt